00797pab a2200169 454500008004000000100001900040245005400059260000900113300001300122362001200135520031200147650002000459773001800479909001000497999001700507952010300524180718b2001 xxu||||| |||| 00| 0 eng d aGaan, Narottam aWater not oil: crisis of the twenty-first century c2001 ap.94-108 aJul-Sep aIn recent years, there has been a growing awareness of the link between environmental degradation and scarcity of resources, and the resultant conflict both national and international. Water, which is seen as a renewable resource, will be a major cause of conflict in the twenty-first century. - Reproduced aWater resources aWorld Affairs a50566 c50566d50566 00104070aIIPAbIIPAd2018-07-19hVolume no: 5, Issue no: 3pAR50994r2018-07-19w2018-07-19yAR